000 00770cam a2200241 a 4500
003 BD-DhUIB
005 20210322120237.0
008 040823s2006 maua b 001 0 eng
020 _a007293588X (alk. paper)
020 _a978007293588
040 _aDLC
_cDLC
_dBD-DhUIB
082 0 0 _a658.4038011
_222
100 1 _aO'Brien, James A.,
_d1936-
_9150
245 1 0 _aManagement information systems /
_cby James A. O'Brien, George M. Marakas.
250 _a7th ed.
260 _aBoston :
_bMcGraw-Hill Irwin,
_cc2006.
300 _axxxi, 592 p. :
_bcol. ill. ;
_c28 cm.
504 _aIncludes bibliographical references (p. 541-550) and indexes.
526 _aBBA.
650 0 _aManagement information systems.
_9151
700 1 _aMarakas, George M.
_9141
942 _2ddc
_cBK
999 _c81
_d81